000 00811nam a2200229 a 4500
001 000020931
005 20240412074250.0
008 100824t2000 dr ac 001 j spa d
040 _aDO-SdBNP
_bspa
_cBNPHU
082 _aRD863.44
_bH474b
100 1 _aHelena Campos, Ramón Emilio,
_d1940-
_943855
245 1 3 _aLa botija y otros cuentos /
_cRamón Helena Campos ; presentación Campos S. de Moya.
260 _aSanto Domingo :
_bConsejo Nacional de Fronteras,
_c2000.
_fAmigo del Hogar
300 _a118 p. :
_bil., retr. ;
_c23 cm.
490 1 _aNuestra Frontera
590 _aInventariado, 2020/YL
650 0 _aCuentos dominicanos
_9176
650 0 _aLiteratura dominicana.
_967
700 1 _aDe Moya, Campos S.
_943856
830 0 _aNuestra Frontera
_943857
910 _aValidado. Control de calidad EMS.
999 _c20434
_d20434